| 000 | 00000nam##2200000za#4500 |
| 001 | 9.646335 |
| 003 | CaOODSP |
| 005 | 20210511115006 |
| 007 | ta |
| 008 | 150407|1996||||xxc||||| f|0| 0 eng|d |
| 040 | |aCaOODSP|beng |
| 043 | |an-cn--- |
| 086 | 1 |aRG42-6/1996E |
| 110 | 2 |aCanadian Intellectual Property Office. |
| 245 | 10|aTrade-marks examination: wares and services manual |
| 260 | |aOttawa - Ontario : |bIndustry Canada. |c1996. |
| 300 | |ax, 407p. ; |c30 cm. |
| 500 | |a"The manual sets out identifications of wares and services which will be accepted by the Trade-marks Branch of the Canadian Intellectual Property Office. Utilizing identification language from the Manual may enable applicants to avoid objections with respect to the wares and/or services identified in their applications for registration."--How to use the Wares and Services Manual. |
| 520 | 3 |aThe manual sets out all the identifications of wares and services which will be accepted by the Trade-marks Branch of the Canadian Intellectual Property Office, including identifications not previously covered. Utilizing identification language from the "Manual" may enable applicants to avoid objections with respect to the wares and/or services identified in their applications for registration. |
| 563 | |aBinder |
| 590 | |a96-38|b1996-09-20 |
| 690 | 07|aTrademarks|2gcpds |
| 775 | 08|tL'examen des marques de commerce: le manuel des marchandises et services |w(CaOODSP)9.679891 |